000
00219 a2200097 4500
001
20523
100
_a
Kendall E J M
245
_a
Modern Physics for Electrical Engs
260
_a
_b
Macdonald
_c
090
_c
14919
_d
14919
942
_a
NUST-CAE
_c
M
_c
5468
999
_c
255596
_d
255596